01135cam a2200277 a 450000100060000000300080000600500170001400800390003102000290007002000220009903500190012104000440014004100080018408200220019224500790021426000810029330000250037450400300039965000330042970000310046283000420049394200120053599900170054795201410056495201520070531441BD-RjUL20211209051712.0140415t1984 enk b 000 0 eng a0521244021 (Hard covers) a0521286689 (pbk.) a(BD-RjUL)31529 aDLCcDLCdDLCdOCoLCdDLCdBD-RjULbeng aeng00a215223bSCI 198400aScience and religion in the nineteenth century /cedited by Tess Cosslett. aCambridge [Cambridgeshire] ;aNew York :bCambridge University Press,c1984. avi, 249 p. ;c23 cm. aBibliography: p. 245-249. 0aReligion and science.9956701 aCosslett, Tess, ed.995671 aCambridge English Prose texts9222720 2ddccBK c31441d31441 00102ddc40718NFICaRUCLbRUCLcReadingd1988-08-01emanik brothersg27.50l0o215 SCI 1984r2014-04-15 00:00:00tC-1w2021-12-09yBK 00102ddc40708NFICaRUCLbRUCLcStackd1986-03-04eKarim International, Dhakag397.50l0o215 SCI 1984r2018-09-18 00:00:00tC-2w2021-12-09yBK